000 00379pam a2200157a 44500
008 230515b1984 xxu||||| |||| 00| 0 eng d
020 _aNULL
041 _aENGLISH
082 _a344.1/SAM
100 _aSAMANT
245 _aEMPLOYMENTS GUIDE TO LABOUR LAW
250 _a0
260 _aNEW DELHI
_bDGESIC
_c1984
300 _aNULL
650 _aEMPLOYMENTS GUIDE TO LABOUR LAW
999 _c540944
_d540944